LEADER 01412nam2-2200397---450 001 990005700910203316 005 20190403125010.0 035 $a000570091 035 $aUSA01000570091 035 $a(ALEPH)000570091USA01 035 $a000570091 100 $a20121027d2005----|||y0itaa50------ba 101 $aspa$alat 102 $aes 105 $a0 00||| 200 1 $a<<11.: >> Del nuevo mondo$fJuan Ginés de Sepulveda$gedicion critica, traduccion e introduccion filologica Luis Rivero Garcia$gintroduccion historica Horst Pietschmann. Sospecha de otra luz$een memoria de Antonio Truyol y Serra, 1913-2003$fJosé Manuel Perez-Prendez Munoz-Arraco 210 $aPozoblanco$cExcmo$d2005 215 $aCXLV, 452 p. compless.$d24 cm. 461 0$1001000570081$12001$aObras completas$v11 676 $a946.04 700 1$aSEPULVEDA,$bJuan Ginés : de$0386940 702 1$aPÉREZ-PRENDES MUÑOZ-ARRACO,$bJosé Manuel 702 1$aPIETSCHMANN,$bHorst 702 1$aRIVERO GARCIA,$bLuis 801 0$aIT$bSA$c20111219 912 $a990005700910203316 950 0$aDipar.to di Filosofia - Salerno$dDFAA 946.04 SEP$e8217 FIL 951 $aAA 946.04 SEP$b8217 FIL 959 $aBK 969 $aFIL 979 $c20121027$lUSA01$h1526 979 $c20121027$lUSA01$h1615 979 $aPATRY$b90$c20140606$lUSA01$h1338 996 $aDel nuevo mondo$91083865 997 $aUNISA NUM $aSA0018761 LEADER 03721nam 2200721 450 001 9910809453003321 005 20230617003516.0 010 $a1-281-99945-8 010 $a9786611999452 010 $a3-11-021171-8 024 7 $a10.1515/9783110211719 035 $a(CKB)1000000000697846 035 $a(EBL)3043369 035 $a(OCoLC)922946550 035 $a(SSID)ssj0000209988 035 $a(PQKBManifestationID)11197000 035 $a(PQKBTitleCode)TC0000209988 035 $a(PQKBWorkID)10266446 035 $a(PQKB)10097160 035 $a(MiAaPQ)EBC3043369 035 $a(WaSeSS)Ind00016823 035 $a(DE-B1597)35471 035 $a(OCoLC)979587947 035 $a(DE-B1597)9783110211719 035 $a(Au-PeEL)EBL3043369 035 $a(CaPaEBR)ebr10761827 035 $a(CaONFJC)MIL199945 035 $a(EXLCZ)991000000000697846 100 $a20090821d2004 uy 0 101 0 $aeng 135 $aur|n|---||||| 181 $ctxt 182 $cc 183 $acr 200 00$aNew approaches to the study of religion$hVolume 2$iTextual, comparative, sociological, and cognitive approaches /$fedited by Peter Antes, Armin W. Geertz, Randi R. Warne 210 1$aBerlin :$cDe Gruyter,$d[2004] 210 4$d©2004 215 $a1 online resource (503 p.) 225 1 $aReligion and reason ;$vv. 43 300 $aDescription based upon print version of record. 311 $a3-11-018175-4 320 $aIncludes bibliographical references and index. 327 $gSection 4. Textual approaches ;$tNew approaches to the problem of translation in the study of religion /$rAlan Williams --$tThe use of electronic media in the study of sacred texts /$rGordon D. Newby --$tNew approaches:$gLiterary theory /$rDawne McCance. 327 $gSection 5. Comparative approaches ;$tComparison in the study of religion /$rWilliam E. Paden --$tNew approaches to the study of syncretism /$rLuther H. Martin and Anita Maria Leopold --$tPerformance theory and the study of ritual /$rRonald L. Grimes --$tNew approaches to the study of religious dance /$rHelga Barbara Gundlach --$tHuman rights:$gAn important and challenging new field for the study of religion /$rRosalind I.J. Hackett. 327 $gSection 6. Social sciences ;$tA survey of advances in the sociology of religion (1980-2000) /$rLiliane Voye? --$tAssessing secularization theory /$rKarel Dobbelaere --$tUrbanization and religion /$rRobert Kisala --$tReligion and diaspora /$rSteven Vertovec --$tApproaches to the study of religion in the media /$rAlf G. Linderman --$tBeyond "Church and State":$gAdvances in the study of religion and law /$rWinnifred Fallers Sullivan. 327 $gSection 7. Cognition and cross-cultural psychology ;$tCognitive approaches to the study of religion /$rArmin W. Geertz --$tThe naturalness of religious concepts:$gAn emerging cognitive science of religion /$rJustin L. Barrett --$tPsychoanalyzing prehistory:$gStruggling with the unrecorded past /$rDavid A. Warburton --$gConclusion /$rPeter Antes, Armin W. Geertz, and Randi R. Warne. 410 0$aReligion and reason ;$v43. 606 $aReligion$vComparative studies 606 $aReligions$xStudy and teaching$xHistory$y20th century 615 0$aReligion 615 0$aReligions$xStudy and teaching$xHistory 676 $a200 686 $aMS 6550$2rvk 701 $aAntes$b Peter$f1942-$0304444 701 $aGeertz$b Armin W.$f1948-$01671812 701 $aWarne$b R. R$g(Randi Ruth),$f1952-$01178693 801 0$bMiAaPQ 801 1$bMiAaPQ 801 2$bMiAaPQ 906 $aBOOK 912 $a9910809453003321 996 $aNew approaches to the study of religion$94034689 997 $aUNINA